Organización y acción colectiva en las grandes ciudades latinoamericanas /
Сохранить в:
| Главный автор: | |
|---|---|
| Формат: | |
| Язык: | Spanish |
| Метки: |
Добавить метку
Нет меток, Требуется 1-ая метка записи!
|
MARC
| LEADER | 00000nam a22000007a 4500 | ||
|---|---|---|---|
| 003 | cru CIDCACS/IIS | ||
| 005 | 20190308062530.0 | ||
| 007 | ta | ||
| 008 | 190307t1997 sp |||p|r||||||0| ||spa|d | ||
| 999 | |c 42233 |d 42233 | ||
| 040 | |c cru CIDCACS/IIS | ||
| 100 | 1 | |a Garrido García, Francisco Javier |9 8367 | |
| 245 | 1 | |a Organización y acción colectiva en las grandes ciudades latinoamericanas / |c Francisco Javier Garrido García | |
| 300 | |a páginas 65-72 | ||
| 773 | 0 | |0 42224 |9 2724 |a Semanario de Estudios Políticos sobre América Latina (SEPLA) |d Madrid: SEPLA, 1991- |o 08722 |t América Latina: | |
| 942 | |2 ddc |c PP | ||
